| 000 | 00937cam a22002653a 4500 | ||
|---|---|---|---|
| 001 | 28675 | ||
| 003 | PGUSA | ||
| 005 | 20140828083623.0 | ||
| 008 | 090504s2009||||xxu|||||s|||||000 1 eng d | ||
| 040 |
_aPGUSA _beng |
||
| 042 | _adc | ||
| 050 | 4 | _aPS | |
| 100 | 1 |
_aWister, Owen, _d1860-1938 |
|
| 245 | 1 | 0 |
_aRed Men and White _h[electronic resource] / _cOwen Wister |
| 260 |
_bProject Gutenberg, _c2009 |
||
| 505 | 0 | _aLittle Big Horn medicine -- Specimen Jones -- The serenade at Siskiyou -- The general's bluff -- Salvation Gap -- The second Missouri compromise -- La Tinaja Bonita -- A pilgrim on the Gila. | |
| 506 | _aPublic domain in the USA. | ||
| 516 | _aElectronic text | ||
| 653 | _aFrontier and pioneer life -- West (U.S.) -- Fiction | ||
| 653 | _aWestern stories | ||
| 700 | 1 |
_aRemington, Frederic, _d1861-1909 |
|
| 830 | 0 |
_aProject Gutenberg _v28675 |
|
| 856 | 4 | 0 | _uhttp://www.gutenberg.org/ebooks/28675 |
| 942 | _cEB | ||
| 999 |
_c257930 _d257930 |
||